| 000 | 00987nam a22003257a 4500 | ||
|---|---|---|---|
| 003 | CHAP | ||
| 005 | 20220817044421.0 | ||
| 008 | 33724002229405 it a rn 00010 spa d | ||
| 010 | _a100387 | ||
| 011 | _a101359 | ||
| 035 | _a112047 | ||
| 040 | _cCHAP | ||
| 090 | _aFolleto 17430 | ||
| 110 | 2 | _aFAO | |
| 245 | 1 | 0 |
_aUnidos contra el hambre _c/por FAO |
| 260 |
_aRoma : _bFAO, _c2010 |
||
| 300 | _aHoja plegable | ||
| 590 |
_aBATCH-UPD _b10 _c20130110 _lUCH01 _h1346 |
||
| 590 |
_aBATCH-UPD _b10 _c20130410 _lUCH01 _h0844 |
||
| 590 |
_aBATCH-UPD _b10 _c20130914 _lUCH01 _h0222 |
||
| 590 |
_aCONVERSION _b10 _c20130109 _lUCH01 _h1355 |
||
| 650 | 1 | 4 |
_aAlimentos _xAbastecimiento. |
| 650 | 1 | 4 |
_aHambre. _952413 |
| 650 | 1 | 4 |
_aPobreza. _989463 |
| 650 | 1 | 4 |
_aPolítica alimentaria. _990389 |
| 901 | _aBK | ||
| 942 | _cFOLL | ||
| 949 |
_aFolleto 17430 _bBC _cFAO _d33724002330488 _eFAO2 _fc.2 _gDonaciØn _i112047 _sb |
||
| 949 |
_aFolleto 17430 _bBC _cFAO _d33724002330520 _eFAO1 _gDonaciØn _i112047 _sb |
||
| 999 |
_c100387 _d100387 |
||